[Event "Berlin Werner Ott op"]
[Site "Berlin"]
[Date "2022.07.09"]
[Round "1"]
[White "Muse, Drazen"]
[Black "Guder, Sibylle"]
[Result "1-0"]
[WhiteElo "2317"]
[BlackElo "1814"]
[PlyCount "95"]
[EventDate "2022.07.09"]
[EventType "swiss"]
[EventRounds "9"]
[EventCountry "GER"]
[SourceTitle "CBM 209 Extra"]
[Source "ChessBase"]
[SourceDate "2022.09.30"]
[SourceVersion "1"]
[SourceVersionDate "2022.09.30"]
[SourceQuality "1"]

1. e4 c5 2. Nf3 d6 3. Nc3 Nf6 4. e5 dxe5 5. Nxe5 a6 6. a4 e6 7. g3 Bd6 8. Nc4 Bc7 9. Bg2 Nc6 10. Bxc6+ bxc6 11. d3 e5 12. Be3 Qe7 13. Qf3 Bb7 14. Bg5 h6 15. Bxf6 Qxf6 16. Qxf6 gxf6 17. Ne4 Ke7 18. Nxc5 Bc8 19. f3 Be6 20. Nxe6 fxe6 21. 0-0-0 Rad8 22. Rhe1 Kf7 23. Re4 Rd4 24. c3 Rxe4 25. dxe4 Ke7 26. Kc2 Rg8 27. Kd3 Rd8+ 28. Ke2 Rxd1 29. Kxd1 Bd8 30. Ke2 Bc7 31. g4 Kf7 32. Kf2 Ke7 33. b4 Kf7 34. a5 Kg7 35. Kg3 Kf7 36. Nb6 Kg7 37. Kh4 Kg6 38. Nd7 Bd6 39. Nc5 Bxc5 40. bxc5 f5 41. c4 f4 42. h3 Kg7 43. Kh5 Kh7 44. h4 Kg7 45. g5 hxg5 46. hxg5 Kh7 47. g6+ Kg7 48. Kg5 1-0

[Event "GER Cup Net Final-B U2000"]
[Site "Playchess.com INT"]
[Date "2020.06.06"]
[Round "11"]
[White "Guder, Sibylle"]
[Black "Hilck, Dirk"]
[Result "1-0"]
[WhiteElo "1948"]
[BlackElo "1796"]
[PlyCount "31"]
[EventDate "2020.06.06"]
[EventType "swiss (blitz)"]
[EventRounds "13"]
[EventCountry "GER"]
[SourceTitle "CBM 197 Extra"]
[Source "ChessBase"]
[SourceDate "2020.09.30"]
[SourceVersion "1"]
[SourceVersionDate "2020.09.30"]
[SourceQuality "1"]

1. Nf3 d5 2. c4 c6 3. b3 Nf6 4. Bb2 e6 5. g3 Be7 6. Bg2 0-0 7. 0-0 Nbd7 8. d3 Ne8 9. Nbd2 Bf6 10. d4 dxc4 11. Nxc4 Nb6 12. Nce5 Nd6 13. Qc2 Nd7 14. e4 Re8 15. Nxd7 Bxd7 16. e5 1-0

[Event "GER-ch Net Amateur Gr-B Final"]
[Site "Playchess.com INT"]
[Date "2020.04.18"]
[Round "3"]
[White "Hoppe, Frank"]
[Black "Guder, Sibylle"]
[Result "1/2-1/2"]
[WhiteElo "1780"]
[BlackElo "1864"]
[PlyCount "21"]
[EventDate "2020.04.18"]
[EventType "swiss (blitz)"]
[EventRounds "13"]
[EventCountry "GER"]
[SourceTitle "CBM 195 Extra"]
[Source "ChessBase"]
[SourceDate "2020.05.31"]
[SourceVersion "1"]
[SourceVersionDate "2020.05.31"]
[SourceQuality "1"]

1. e4 c5 2. Nf3 d6 3. d4 cxd4 4. Nxd4 Nf6 5. Nc3 a6 6. a4 e5 7. Nb3 Be7 8. Be2 0-0 9. 0-0 Be6 10. Be3 Nbd7 11. f3 1/2-1/2

[Event "GER-ch Net Amateur Gr-B Vor3"]
[Site "Playchess.com INT"]
[Date "2020.04.16"]
[Round "3"]
[White "Berger, Juergen"]
[Black "Guder, Sibylle"]
[Result "0-1"]
[WhiteElo "1718"]
[BlackElo "1852"]
[PlyCount "60"]
[EventDate "2020.04.16"]
[EventType "swiss (blitz)"]
[EventRounds "9"]
[EventCountry "GER"]
[SourceTitle "CBM 195 Extra"]
[Source "ChessBase"]
[SourceDate "2020.05.31"]
[SourceVersion "1"]
[SourceVersionDate "2020.05.31"]
[SourceQuality "1"]

1. Nc3 c5 2. e4 d6 3. f4 g6 4. Nf3 Bg7 5. Bc4 e6 6. d3 Ne7 7. a3 d5 8. Ba2 dxe4 9. Nxe4 b6 10. 0-0 0-0 11. Be3 Nbc6 12. Qe1 Nf5 13. Bf2 Bxb2 14. Rb1 Bg7 15. Nh4 Nfd4 16. Qd1 Qe7 17. Kh1 Bb7 18. Qg4 Nxc2 19. Qh3 N2d4 20. Ng5 h6 21. Ngf3 Rad8 22. Bc4 Ne2 23. Rbe1 Nxf4 24. Qg3 Nxd3 25. Re4 Nxf2+ 26. Rxf2 Rd1+ 27. Re1 Rxe1+ 28. Nxe1 Nd4 29. Nxg6 fxg6 30. Qxg6 Rxf2 0-1